000 00652nam a2200277Ia 4500
005 20260324143411.0
008 008 260324s9999 xx 000 0 eng d
020 _a9781315801322
037 _aEBOOK
040 _aCRL
040 _beng
040 _cCRL
041 _2eng
041 _aeng
084 _qCRL
100 _aMeeta Goswami; Charles Pollak
_91215490
245 0 _aPsychosocial Aspects of Narcolepsy
260 _bTaylor and Francis
260 _c1992
365 _a
365 _b180
856 _uhttp://www.taylorfrancis.com/books/9781315801322
942 _cEBOOK
999 _c1820858
_d1820858